LEADER 01868nam a2200325 a 4500 001 000000040196 003 CaOOAMICUS 005 20130718125056.0 008 980525s1934 it u000 u ita r 035 $a10796008 040 $aPUL(R)$bita 110 1 $aItalia (Regno).$0(OLS)http://pul/name/8120 240 10$aLeggi, ecc.$9(Italia (Regno)).$0(OLS)http://pul/title/11856 245 13$aLa legislazione fascista 1929-1934 (VII-XII) /$cpubblicazione a cura del Senato del Regno e della Camera dei deputati. 260 $aRoma :$bTipografia della Camera dei deputati,$c1934. 300 $a2 v. ;$c26 cm 500 $aIn testa al front. : Senato della Repubblica - Camera dei deputati. Legislatura XXVIII. 650 4$aFascismo$xOrdinamento giuridico.$0(OLS)http://pul/subject/4262 710 1 $aItalia.$bParlamento.$bSenato.$0(OLS)http://pul/name/16352 710 1 $aItalia.$bParlamento.$bCamera dei deputati.$0(OLS)http://pul/name/1279 850 $aPUL 852 $aPUL$W1$xDP2 Diritto e Scienze Sociali 1$y65$m176 F 26$j54637$nBK-PRI$av. 2$qStampati$B54638$CPULBib$Z2$F54638 $H36624 $82 852 $aPUL$W1$xDP1 Cons. Gen., Altre Classi 1$y22$m851 A 15$j124968$av. 1, c. 2$qStampati$B123698$CPULBib$Z2$F123698 $H7260 $82 852 $aPUL$W1$xDP1 Cons. Gen., Altre Classi 1$y22$m851 A 16$j124969$av. 2, c. 2$qStampati$B123699$CPULBib$Z2$F123699 $82 852 $aPUL$W1$xDP2 Diritto e Scienze Sociali 1$y65$m176 F 25$j155428$nBK-PRI$av. 1$qStampati$B54637$CPULBib$Z2$F54637 $H36623 $82 941 1 $a8 961 $aINV: 36623, 36624 961 $aINV: 36623, 36624 996 $6245$aLa legislazione fascista 1929-1934 (VII-XII)$9(OLS)http://pul/title/54295 996 $6260$aRoma :$bTipografia della Camera dei deputati$9(OLS)http://pul/publisher/54126 LEADER 01393nam a2200265 a 4500 001 000000162802 003 CaOOAMICUS 005 20170919170502.0 008 170919s1994 sp m 001 u spa r 032 $aLibriCat 040 $aPUL$bita 100 1 $aMiguel García, Isidoro.$0(OLS)http://pul/name/104500 245 10$aDon Hernando de Aragón, arzobispo de Zaragoza (1539-1575) : $bíndole pastoral y talante reformador del último arzobispo de la casa real de Aragón / $cIsidoro Miguel García. 260 $aZaragoza :$b[s.n.],$c1994. 300 $a117 p. ; $c25 cm. 502 $aEstratto di Tesi -- Pontificia Universitas Gregoriana. Facoltà di Storia Ecclesiastica.1991. 504 $aBibliografia in nota a piè pagina. 651 4$aSpagna$xStoria.$0(OLS)http://pul/subject/2911 710 2 $aPontificia Università Gregoriana.$bFacoltà di storia ecclesiastica.$kTesi.$0(OLS)http://pul/name/11264 850 $aPUL 852 $aPUL$W1$xDP1 Tesi Pon. Univ. Gregoriana$y40$mTH PUG 4050$j186776$qTesi$B190021$CPULBib$Z2$F190021 $H72161 $82 941 1 $a16 996 $6245$aDon Hernando de Aragón, arzobispo de Zaragoza (1539-1575) : $bíndole pastoral y talante reformador del último arzobispo de la casa real de Aragón / $9(OLS)http://pul/title/202548 996 $6260$aZaragoza :$b[s.n.]$9(OLS)http://pul/publisher/83457